01020nam a2200277 a 450000100060000000300080000600500170001400800410003102000150007203500190008704000320010604100080013808200220014610000300016824501060019825000110030426000480031530000320036350400290039565000230042470000540044770000560050194200120055799900170056995201560058669072BD-RjUL20211209081839.0170409s1969 nyuab b 001 0 eng  a0030654157 a(BD-RjUL)69283 aDLCcDLCdDLCdBD-RjULbeng aeng00a910223bWHR 19691 aWheeler, Jesse H.920462710aRegional geography of the world /cJesse H. Wheeler, Jr., J. Trenton Kostbade and Richard S. Thoman. a3d ed. aNew York,bHolt, Rinehart and Winstonc1969 axi, 799 p. :bill.;c26 cm. aIncludes bibliographies. 0aGeography.92046281 aThoman, Richard S.,d1919-ejoint author.92046291 aKostbade, J. Trenton,d1925-ejoint author.9204630 2ddccBK c69072d69072 00102ddc40718NFICaRUCLbRUCLcReadingd1974-04-25eEuro- Bangladesh Book Agencyg144.00l0o910 WHR 1969r2017-04-09 00:00:00tC-1w2017-04-09yBK